Fonctions de plusieurs variables complexes III

Saved in:
書目詳細資料
主要作者: Norguet, François (auteur)
格式: 圖書
語言:英语
出版: Berlín Springer-Verlag 1978
叢編:Lecture Notes in Mathematics, 670
主題:
標簽: 添加標簽
沒有標簽, 成為第一個標記此記錄!

MARC

LEADER 00000nam a2200000 a 4500
001 UCP0243
003 CL-VaPUC
008 990305e19780000GW |||||||||||||||||eng|d
082 0 4 |a 515.94  |b NOR  |2 21 
100 |a Norguet, François  |e auteur  |9 425303 
245 1 0 |a Fonctions de plusieurs variables complexes III 
300 |a 394 p 
942 |c BK 
945 |d 19990305 00:00:00  |a crobeson 
260 |a Berlín  |b Springer-Verlag  |c 1978 
650 0 |a Funciones de variables complejas  |9 260212 
650 7 |a SUPERFICIES ALGEBRAICAS  |2 CL-VaPUC  |9 423964 
650 7 |a COHOMOLOGIA LOCAL  |2 CL-VaPUC  |9 425304 
650 7 |a ESPACIOS HIPERCONVEXOS  |2 CL-VaPUC  |9 425305 
650 0 |a Fibras vectoriales  |9 425306 
650 7 |a ESTRUCTURAS CONVEXAS  |2 CL-VaPUC  |9 425307 
650 7 |a INTEGRALES PRIMITIVAS  |2 CL-VaPUC  |9 425308 
650 7 |a GEOMETRIA ANALITICA COMPLEJA  |2 CL-VaPUC  |9 425309 
650 0 |a Análisis complejo   |9 260214 
583 |a last modification  |c 19990305 00:00:00  |k Rodrigo Vera 
490 0 |a Lecture Notes in Mathematics, 670 
999 |c 279082  |d 279080 
952 |0 0  |1 0  |4 0  |6 515_940000000000000_NOR_1978  |7 0  |8 A  |9 317998  |a BIBMAT  |b BIBMAT  |d 2019-11-20  |i 1323091  |o 515.94 NOR 1978  |p 1323091  |r 2025-01-07  |w 2019-11-20  |y BK  |k MAT